000 00727nam a2200241Ia 4500
008 100315s9999 xx 000 0 und d
040 _cENGLISH 
082 _b10979 
_a332.1026 
100 _a"Tannan, M.L. "
245 _aBanking Law and Practice in India
250 _a18th ed 
260 _aNew Delhi 
_bOrient Law House  
_c1989 
300 _a"xxxvii,1639  "
365 _eRupees 
_d
_b0.00 
366 _f
505 _gVaibhav Gaikwad 
530 _bDonated By RBI Library  
620 _a"Banking Law and Practice in India , Economic, RBI Book "
630 _aBanking Law and Practice in India
650 _aECONOMIC 
730 _aBanking Law and Practice in India
942 _cBOOK
999 _c485713
_d485710